000 00661nam a2200205Ii 4500
003 JO-AjNU
008 230605s9999||||xx |||||||||||||| ||und||
040 _aJO-AjNU
_bara
_erda
_cJO-AjNU
041 _aara
050 1 4 _aJZ1318.H33.2005
100 3 _a الحافظ ، منير ,
_eauthor
_99942
245 0 0 _aمنهج العولمة اللانمطي : تشخيص جمالي في بؤس العولمة
250 _aط1
264 3 1 _aدمشق : دار الفرقد ، 2005
300 _a231ص
336 _atext
_btxt
_2rdacontent
337 _aunmediated
_bn
_2rdamedia
338 _avolume
_bnc
_2rdacarrier
650 4 _aالعولمة -- فلسفة
_99943
999 _aA1556
_c5124
_d5124